Häufigste polnische Vornamen (männlich) - Statistiken

Allgemein
  • Dieses Quiz wurde 48 mal gespielt
  • Das Durchschnittsergebnis liegt bei 3 aus 15
Antwortstatistiken
Anzahl Name % Korrekt
1.346.931 Piotr
50%
545.294 Robert
48%
654.428 Marek
36%
526.210 Adam
33%
390.169 Pawel
31%
1.133.374 Tomasz
24%
375.891 Michal
21%
955.207 Krzysztof
17%
661.873 Andrzej
14%
626.956 Maciej
14%
595.243 Grzegorz
12%
510.094 Jacek
12%
981.077 Marcin
12%
403.127 Mariusz
12%
471.030 Wojciech
5%
Keine übereinstimmenden Quizze gefunden
Verteilung der Resultate
Anzahl Personen mit jedem Resultat
Perzentil nach korrekt beantworteten Fragen
Ihre Resultats-Entwicklung
Sie haben dieses Quiz noch nicht gespielt